Industrial floorspace survey ... - Mid-April 1985 - August 1988 (Record no. 95988)

MARC details
000 -LEADER
fixed length control field 00603cam a2200217 4500
001 - CONTROL NUMBER
control field J499
008 - FIXED-LENGTH DATA ELEMENTS--GENERAL INFORMATION
fixed length control field 090401t xxu||||| |||| 00| 0 eng d
035 ## - SYSTEM CONTROL NUMBER
System control number (Sirsi) u75329
041 ## - LANGUAGE CODE
Language code of text/sound track or separate title eng
050 ## - LIBRARY OF CONGRESS CALL NUMBER
Classification number 711.5520212
110 ## - MAIN ENTRY--CORPORATE NAME
Corporate name or jurisdiction name as entry element King and Co
9 (RLIN) 2315
245 ## - TITLE STATEMENT
Title Industrial floorspace survey ... - Mid-April 1985 - August 1988
260 ## - PUBLICATION, DISTRIBUTION, ETC.
Place of publication, distribution, etc. London
Name of publisher, distributor, etc. King and Co
Date of publication, distribution, etc. 1985-88
300 ## - PHYSICAL DESCRIPTION
Extent 10 pt. ; 30cm.
350 ## - PRICE (NR) (BK AM CF MU VM SE) [OBSOLETE]
Price 0
520 ## - SUMMARY, ETC.
Summary, etc. Published 3 times a year. - Lacks copy for Mid-August 1985.
650 ## - SUBJECT ADDED ENTRY--TOPICAL TERM
Topical term or geographic name entry element FLOORSPACE STATISTICS
650 ## - SUBJECT ADDED ENTRY--TOPICAL TERM
Topical term or geographic name entry element INDUSTRIAL PROPERTY
942 ## - ADDED ENTRY ELEMENTS (KOHA)
Suppress in OPAC 0
948 ## - LOCAL PROCESSING INFORMATION (OCLC); SERIES PART DESIGNATOR (RLIN)
c (OCLC) 04/03/1997
Holdings
Withdrawn status Lost status Source of classification or shelving scheme Damaged status Not for loan Home library Current library Shelving location Date acquired Total Checkouts Full call number Barcode Date last seen Copy number Price effective from Koha item type Date last checked out
    Dewey Decimal Classification     London London Property market reports 13/02/1992   LIBRARY ANNEXE 30025786 06/08/2019 1 06/08/2019 Book  
    Dewey Decimal Classification     London London Property market reports 13/02/1992   LIBRARY ANNEXE 30025787 06/08/2019 2 06/08/2019 Book  
    Dewey Decimal Classification     London London Property market reports 13/02/1992 2 LIBRARY ANNEXE 30025788 06/08/2019 3 06/08/2019 Book 29/11/2000
    Dewey Decimal Classification     London London Property market reports 13/02/1992 1 LIBRARY ANNEXE 30025789 06/08/2019 4 06/08/2019 Book 29/11/2000
    Dewey Decimal Classification     London London Property market reports 13/02/1992 1 LIBRARY ANNEXE 30025790 06/08/2019 5 06/08/2019 Book 29/11/2000
    Dewey Decimal Classification     London London Property market reports 13/02/1992   LIBRARY ANNEXE 30025791 06/08/2019 6 06/08/2019 Book  
    Dewey Decimal Classification     London London Property market reports 13/02/1992   LIBRARY ANNEXE 30025792 06/08/2019 7 06/08/2019 Book  
    Dewey Decimal Classification     London London Property market reports 13/02/1992   LIBRARY ANNEXE 30025793 06/08/2019 8 06/08/2019 Book  
    Dewey Decimal Classification     London London Property market reports 13/02/1992   LIBRARY ANNEXE 30025794 06/08/2019 9 06/08/2019 Book  
    Dewey Decimal Classification     London London Property market reports 13/02/1992   LIBRARY ANNEXE 30025795 06/08/2019 10 06/08/2019 Book